Lindstrom (Record no. 6323)

MARC details
000 - LÍDER
campo de control de longitud fija 00814nam a2200217Ia 4500
008 - ELEMENTOS DE DATOS DE LONGITUD FIJA - INFORMACIÓN GENERAL
campo de control de longitud fija 0000001983 sp a 0000000000fre00
020 ## - INTERNATIONAL STANDARD BOOK NUMBER
International Standard Book Number 840210119X
090 ## - NÚMERO DE LLAMADA DE TIPO LC LOCALMENTE ASIGNADO (OCLC)
Número de clasificación (OCLC) (R) PSW00 X87l
100 1# - ENTRADA PRINCIPAL - NOMBRE PERSONAL
Nombre de la persona Xuriguera, Gérard
245 10 - TÍTULO DECLARACIÓN
Título Lindstrom
Resto del título : la fièvre et le feu
Declaración de responsabilidad / Gérard xuriguera ; traductions Román de la Calle ... [et al.]
260 ## - PUBLICACIÓN, DISTRIBUCIÓN
Lugar de publicación Valencia (España) : Cimal
Fecha de publicación 1983
300 ## - DESCRIPCIÓN FÍSICA
Alcance 96 p.
Dimensiones / 26 cm.
500 ## - NOTA GENERAL
Nota general Texto en francés, español e inglés \ Con el patronazgo del maestro venezolano Jesús Rafael Soto (q.e.p.d.)
600 00 - ENTRADA DE SUJETO AÑADIDO - NOMBRE PERSONAL
Nombre de la persona LINDSTROM, BENGT, 1925/
Subdivisión general TRABAJOS PICTORICOS
650 14 - ENTRADA DE SUJETO AÑADIDO - TÉRMINO TÓPICO
Término tópico o elemento de entrada del nombre geográfico ARTE CONTEMPORANEO SUECO
650 14 - ENTRADA DE SUJETO AÑADIDO - TÉRMINO TÓPICO
Subdivisión general CATALOGOS
650 14 - ENTRADA DE SUJETO AÑADIDO - TÉRMINO TÓPICO
Término tópico o elemento de entrada del nombre geográfico PINTORES SUECOS
650 14 - ENTRADA DE SUJETO AÑADIDO - TÉRMINO TÓPICO
Término tópico o elemento de entrada del nombre geográfico PINTURA SUECA
700 1# - ENTRADA AGREGADA - NOMBRE PERSONAL
Nombre de la persona Calle, Román de la, tr.
Holdings
Estado de retirada Pérdida de estatus Estado dañado No para préstamo Código de recogida Ubicación permanente Ubicación actual Ubicación de las estanterías Fecha de adquisición Número de llamada completo Código de barras Fecha de la última vez que se vio Número de copia Precio efectivo desde Tipo de artículo Koha
        General ArtNexus ArtNexus General 06/09/2022 P-SW-00 X87L 6327 06/09/2022 Ej.1 06/09/2022 Libro

Powered by Koha